Moros y judíos en Navarra en la Baja Edad Media / (Record no. 16648)

MARC details
000 -LEADER
campo de control de longitud fija 01011nam a2200313 4500
001 - NÚMERO DE CONTROL
campo de control 16648
003 - IDENTIFICADOR DE NÚMERO DE CONTROL
campo de control ES-MaACL
005 - FECHA Y HORA DE LA ÚLTIMA TRANSACCIÓN
campo de control 20250824222443.0
007 - CAMPO FIJO DE DESCRIPCIÓN FÍSICA--INFORMACIÓN GENERAL
campo de control de longitud fija t|
008 - DATOS DE LONGITUD FIJA--INFORMACIÓN GENERAL
campo de control de longitud fija 001020s1984 sp b ||||0| spa d
016 7# - NÚMERO DE CONTROL DE UNA AGENCIA BIBLIOGRÁFICA NACIONAL
Número de control cancelado/no válido IBH8405823781
020 ## - NÚMERO INTERNACIONAL ESTÁNDAR DEL LIBRO
Número Internacional Estándar del Libro 84-7517-118-4
040 ## - FUENTE DE CATALOGACIÓN
Centro catalogador/agencia de origen IBH
Lengua de catalogación spa
Centro/agencia transcriptor M-BN-DP
080 ## - NÚMERO DE LA CLASIFICACIÓN DECIMAL UNIVERSAL
Número de la Clasificación Decimal Universal 9(=927:465.1)"13/14"(04)
080 ## - NÚMERO DE LA CLASIFICACIÓN DECIMAL UNIVERSAL
Número de la Clasificación Decimal Universal 9(=924:465.1)"11/14"(04)
100 1# - ENTRADA PRINCIPAL--NOMBRE DE PERSONA
Nombre de persona García-Arenal, Mercedes.
9 (RLIN) 54180
245 10 - MENCIÓN DEL TÍTULO
Título Moros y judíos en Navarra en la Baja Edad Media /
Mención de responsabilidad, etc. Mercedes García-Arenal, Béatrice Leroy.
250 ## - MENCION DE EDICION
Mención de edición 1ª ed.
260 ## - PUBLICACIÓN, DISTRIBUCIÓN, ETC.
Lugar de publicación, distribución, etc. Madrid :
Nombre del editor, distribuidor, etc. Hiperión,
Fecha de publicación, distribución, etc. 1984.
300 ## - DESCRIPCIÓN FÍSICA
Extensión 256 p., 1 map. ;
Dimensiones 24 cm.
490 1# - MENCIÓN DE SERIE
Mención de serie Libros Hiperión
504 ## - NOTA DE BIBLIOGRAFÍA, ETC.
Nota de bibliografía, etc. Bibliografía. - Indice.
650 14 - PUNTO DE ACCESO ADICIONAL DE MATERIA--TÉRMINO DE MATERIA
Término de materia o nombre geográfico como elemento de entrada Mudéjares-
Subdivisión geográfica Navarra (Reino)-
Subdivisión cronológica S.XIV-XV.
9 (RLIN) 15235
650 14 - PUNTO DE ACCESO ADICIONAL DE MATERIA--TÉRMINO DE MATERIA
Término de materia o nombre geográfico como elemento de entrada Judíos-
Subdivisión geográfica Navarra (Reino)-
Subdivisión cronológica S.XII-XV.
9 (RLIN) 14002
700 1# - ENTRADA AGREGADA--NOMBRE PERSONAL
Nombre de persona Leroy, Béatrice.
9 (RLIN) 71796
830 00 - PUNTO DE ACCESO ADICIONAL DE SERIE-TÍTULO UNIFORME
Título uniforme Libros Hiperión
9 (RLIN) 178016
852 ## - LOCALIZACIÓN
Ubicación ES-MaACL
Número de control de estantería L-23631
Sublocalización o colección R.128875
Holdings
Estatus retirado Estado de pérdida Estado de daño No para préstamo Biblioteca de origen Biblioteca actual Ubicación en estantería Fecha de adquisición Fuente de adquisición Total de préstamos Signatura topográfica completa Código de barras Visto por última vez Precio de reemplazo Tipo de ítem Koha
        Biblioteca del Ateneo de Madrid Biblioteca del Ateneo de Madrid Depósito 2 17/01/2008     L-23631 1016910 23/02/2023 23/02/2023 Libro impreso